=LDR 00000nam 2200000 4500 =001 INLIS000000000040355 =005 20130612145925 =008 ***********************************Ind** =035 ##$$0010-061300000040355 =041 ##$$a Ind =082 ##$$a 632.3 =090 ##$$a 632.3, Jar d.1 =100 ##$$a Djafaruddin, prof.Ir =245 ##$$a DASAR-DASAR PENGENDALIAN PENYAKIT TANAMAN =260 ##$$a 2000 $b Jakarta =300 ##$$a 270 hlm; x,270 hlm, 21 cm =850 ##$$a NBPNMAT =990 ##$$a 0001/BPAP-NTB/20142014 =990 ##$$a 0001/BPAP-NTB/20142014 =990 ##$$a 0367/BPAP-NTB/2015 =990 ##$$a 2090100522/BPAP-NTB/2015 =990 ##$$a 0001/BPAP-NTB/2015 =990 ##$$a 21603118/BPAP-NTB/2017